[Event "Silkway Cup"]
[Site "T#646345FIDE"]
[Date "2020.05.26"]
[Round "1"]
[White "T-sanikidze"]
[Black "Niadongh"]
[Result "1-0"]
[WhiteElo "2866"]
[BlackElo "1791"]
[Annotator "TA"]
[PlyCount "85"]
[EventDate "2020.05.26"]
[EventType "swiss (blitz)"]

{[%evp 18,84,43,39,41,41,62,67,68,43,47,50,106,91,109,97,185,187,178,178,181,183,202,197,190,192,274,242,235,232,328,362,327,284,328,274,250,136,235,245,241,240,246,141,300,43,36,36,30,47,53,35,204,189,506,525,659,649,1011,987,5373,3267,29983,29984,29989,29990,29998,29999,29999]} 1. d4 Nf6 2. c4 c5 3. d5 e6 4. Nf3 exd5 5. cxd5 d6 6. Nc3 g6 7. Bf4 a6 8. a4 Bg7 9. h3 O-O 10. e3 Re8 {A61: Modern Benoni: Nf3 without early e4.} 11. Bd3 Qc7 12. Nd2 Nbd7 {White is slightly better.} 13. O-O Ne5 14. Be2 Bd7 {[#]} (14... Nfd7 $14) 15. Bh2 $146 ({Predecessor:} 15. Qb3 Rab8 16. Nc4 Nxc4 17. Bxc4 Ne4 18. Nxe4 Rxe4 19. f3 Ree8 20. Be2 b5 21. a5 {0-1 (39) Dzagov,T (1695)-Karmov,M (2155) Nalchik 2013}) 15... g5 16. a5 b5 (16... g4 $16) 17. axb6 $1 $18 Qxb6 18. Bxe5 dxe5 19. Nc4 Qc7 20. Qc2 e4 21. Rfd1 g4 (21... h6 {was called for.} 22. Ra5 Ra7) 22. d6 Qb7 23. hxg4 Nxg4 (23... h6 $142 24. Ra5 Be6) 24. Nd5 Rab8 25. Ne7+ Kh8 26. Rab1 Ne5 27. b3 (27. Nxe5 $18 Bxe5 28. Qxc5) 27... Ng6 (27... Nc6 $16 {was worth a try.}) 28. Nd5 f5 29. Na5 Qc8 30. Nc7 (30. Rbc1 $18) 30... Re5 $2 (30... Rg8 $16 {keeps fighting.} 31. Rd5 (31. Qxc5 Qd8 $18) 31... Bf6) 31. Bxa6 $2 (31. Nc4 $18) 31... Qf8 $1 $14 32. Nc4 f4 $1 33. Nxe5 Bxe5 34. Qxe4 {[#] Threatens to win with exf4.} fxe3 $2 (34... Bf5 $14 35. Qd5 fxe3) 35. Qxe3 $18 {Black must now prevent Rbc1.} Bf4 $2 (35... Qg7 {is a better chance.}) 36. Qxc5 Bf5 37. Bd3 Bxd3 38. Rxd3 Rd8 39. Ne6 {[%mdl 64] [#] Double Attack} Bxd6 40. Qd4+ {White mates.} Be5 41. Qxd8 {[%mdl 64] Back Rank} Qxd8 42. Rxd8+ Nf8 43. Rxf8# {Accuracy: White = 65%, Black = 41%.} 1-0

[Event "Silkway Cup"]
[Site "T#646345FIDE"]
[Date "2020.05.26"]
[Round "1"]
[White "Eltaj Safarli"]
[Black "Luka oboladze"]
[Result "1-0"]
[WhiteElo "2795"]
[BlackElo "2297"]
[Annotator "TA"]
[PlyCount "81"]
[EventDate "2020.05.26"]
[EventType "swiss (blitz)"]

{[%evp 19,81,18,19,10,16,4,7,0,0,0,0,0,0,0,0,-6,0,-20,0,-5,0,0,-10,-5,35,-10,10,10,58,49,51,38,25,16,29,20,54,34,116,95,91,102,92,93,250,225,231,195,246,180,267,267,256,256,196,191,250,90,232,162,157,91,1142,1045]} 1. e4 c5 2. Nc3 Nc6 3. Bb5 Nd4 4. Nf3 a6 5. Bd3 e6 6. O-O Ne7 7. Nxd4 cxd4 8. Ne2 Nc6 9. c3 Bc5 10. b4 Ba7 11. Bb2 {[%cal Re2d4] B30: Sicilian: 2...Nc6 3 Bb5, lines without ...g6.} dxc3 12. dxc3 O-O 13. a3 {The position is equal.} d6 14. c4 e5 15. Kh1 Be6 {[#]} 16. f4 $146 ({Predecessor:} 16. Qd2 Rc8 17. Rac1 Re8 18. Bb1 Re7 19. f4 f6 20. f5 Bf7 21. Ba2 Rd7 22. Qd3 {0-1 (44) Loncar,R (2396)-Kozul,Z (2593) Sibenik 2012}) 16... f6 17. Qd2 Qe7 18. Nc3 Bd4 19. Nd5 Qf7 20. Rae1 Bxb2 $1 21. Qxb2 Nd4 22. Bb1 Rac8 23. c5 Bxd5 24. exd5 {And now fxe5 would win.} Qd7 25. fxe5 fxe5 26. Rxf8+ Rxf8 27. h3 Kh8 28. Be4 Rf4 (28... g6 $14) 29. Qc3 Rf8 30. c6 Qc7 31. a4 $40 {[%mdl 128] White attacks with force.} b5 $2 {[#]} (31... g6 $16) 32. axb5 axb5 33. Kh2 g6 (33... Qf7 $142 34. Qg3 g6) 34. Qd3 Kg7 (34... Qf7 $142 35. Qg3 Qa7) 35. Rf1 $18 Ra8 36. Qe3 Qe7 37. Qf2 Ra7 (37... Ra4 {was called for.}) 38. Re1 $2 (38. h4 $18 {is more deadly.}) 38... Rc7 (38... Qf7 $16 39. Rf1 Qxf2 40. Rxf2 Ra1) 39. Bb1 Ra7 40. Bd3 (40. Rc1 $142) 40... Qe8 $2 {[%mdl 8192] [#]} (40... Qf7 $16 41. Kg1 Ra8) 41. Qxd4 $1 {[%mdl 576] Pin. Accuracy: White = 69%, Black = 48%.} 1-0

[Event "Silkway Cup"]
[Site "T#646345FIDE"]
[Date "2020.05.26"]
[Round "1"]
[White "Lukiano"]
[Black "NIKiler"]
[Result "1-0"]
[WhiteElo "2721"]
[BlackElo "1646"]
[Annotator "TA"]
[PlyCount "39"]
[EventDate "2020.05.26"]
[EventType "swiss (blitz)"]

{[%evp 11,39,28,14,0,-4,0,37,16,51,51,51,51,65,59,466,435,463,447,864,862,796,714,1151,1127,1240,1341,1330,1312,29985,29986]} 1. e4 c6 2. d4 d5 3. e5 Bf5 4. h4 h5 5. Bd3 Bxd3 6. Qxd3 e6 7. Bg5 {B12: Caro-Kann: Advance Variation.} Qb6 {7...Be7 is more advanced technology. Played by Jeffery Xiong in February 2020.} 8. Nd2 Ne7 9. Ne2 {White is slightly better.} Nf5 10. O-O Nd7 11. c4 Qa6 12. b3 $36 {[%mdl 2048] White is pushing.} f6 $2 {[%mdl 8192] [#]} ({Better is} 12... c5 $14) 13. Nf4 $146 ({Predecessor:} 13. exf6 gxf6 14. Nf4 O-O-O 15. Nxe6 Re8 16. Qxf5 fxg5 17. cxd5 gxh4 18. Qf4 Rxe6 19. dxe6 Nb6 20. Qf6 Rg8 21. e7 Bxe7 22. Qe6+ {1-0 (22) Ongut,T (2220)-Rosell,S (1983) Helsingor 2018}) 13... c5 14. exf6 Kf7 (14... O-O-O $142 15. f7 (15. cxd5 Qxd3 16. Nxd3 gxf6 $16) 15... Nxd4 16. Bxd8 Kxd8) 15. Rae1 Re8 {[#]} 16. Nxe6 $1 {[%mdl 512]} Nxd4 (16... Rxe6 17. Qxf5) 17. Nxd4 Rxe1 18. Rxe1 cxd4 19. fxg7 {[%mdl 64] Overworked Piece} Bxg7 20. Re7+ {[%mdl 64] Double Attack. Black did not feel at home in the position after the opening. Accuracy: White = 100%, Black = 27%.} 1-0

[Event "Silkway Cup"]
[Site "T#646345FIDE"]
[Date "2020.05.26"]
[Round "1"]
[White "Massapi"]
[Black "Skoffee"]
[Result "1-0"]
[WhiteElo "2592"]
[BlackElo "1886"]
[Annotator "TA"]
[PlyCount "87"]
[EventDate "2020.05.26"]
[EventType "swiss (blitz)"]

{[%evp 10,87,25,30,27,18,46,55,66,66,69,64,56,53,96,68,97,72,82,97,100,110,131,102,147,81,160,156,257,187,236,141,116,59,197,52,232,153,153,153,141,133,225,171,441,329,897,891,809,1047,1944,1956,2187,1648,2447,2222,2135,2061,1852,1602,1212,1155,1135,1120,1058,949,29988,29989,29989,29990,29992,29993,29993,29994,29996,29996,29996,29997,29998,29999]} 1. d4 Nf6 2. c4 e6 3. Nf3 Bb4+ 4. Nbd2 O-O 5. a3 Bxd2+ 6. Qxd2 d5 {E11: Bogo-Indian.} 7. e3 Ne4 8. Qc2 Nd7 {White is slightly better.} 9. Bd3 f5 10. O-O c6 11. b4 {[#]} a5 $146 ({Predecessor:} 11... b6 12. cxd5 cxd5 13. Qc6 Ndc5 14. bxc5 Bd7 15. Qb7 bxc5 16. Ne5 Be8 17. Qa6 c4 18. Bxe4 fxe4 19. Qxe6+ {1-0 (31) Hauk,V (1862)-Gerighausen,K (1696) Germany 2019}) 12. b5 cxb5 13. cxb5 (13. c5 {keeps more tension.} Ndf6 14. Bxb5 Bd7 15. Rb1 Qc7 16. Be2) 13... a4 14. Bd2 Nxd2 15. Qxd2 Nf6 16. Rac1 Bd7 17. Ne5 ({White should try} 17. Qb4) 17... Ne4 (17... Ng4 $142) 18. Qb4 $16 Be8 (18... b6 $16 19. Nxd7 Qxd7) 19. b6 Rc8 20. Qb2 ({White should play} 20. Rxc8 $18 Qxc8 21. Qe7) 20... Nd6 21. Rc5 (21. Be2 $16) 21... f4 (21... Rxc5 $14 22. dxc5 Nf7) 22. Rfc1 ({Better is} 22. exf4 $18 {Threatens to win with Qc2.} Rxf4 23. g3) 22... Rb8 $2 {[#]} (22... fxe3 $1 $14 23. Rxc8 (23. fxe3 Rxc5 24. dxc5 Nf7 $11) 23... Nxc8) 23. Rc7 fxe3 24. fxe3 Qg5 25. Qd2 Nf5 (25... Qh4 $16 26. Qc2 Nb5) 26. Bxf5 Qxf5 $2 (26... exf5 27. R1c5 Qf6) 27. Qe2 Bh5 $2 (27... Qg5 28. Qe1 Qf5) 28. g4 $18 {[%mdl 64] Double Attack} Qg5 {[#]} 29. h4 $1 {[%mdl 512]} Qxh4 30. gxh5 Qg3+ 31. Qg2 Qxe3+ 32. Kh1 {[%csl Gc7][%cal Rg2g7]} Qh6 33. Rg1 {[%cal Rc7g7]} Qxh5+ 34. Qh2 Qxh2+ 35. Kxh2 Rf2+ 36. Kh3 g6 37. Kg3 Ra2 38. Rh1 {White mates.} Rxa3+ 39. Kg4 h5+ 40. Kg5 Rg3+ 41. Kh6 a3 42. Rg7+ Kf8 43. Rf1+ Ke8 44. Rff7 {Accuracy: White = 60%, Black = 37%.} 1-0

[Event "Silkway Cup"]
[Site "T#646345FIDE"]
[Date "2020.05.26"]
[Round "1"]
[White "Maghala77"]
[Black "Chepaschess"]
[Result "0-1"]
[WhiteElo "2222"]
[BlackElo "1620"]
[Annotator "NA RC"]
[PlyCount "54"]
[EventDate "2020.05.26"]
[EventType "swiss (blitz)"]

1. Nf3 {[%emt 0:00:04]} c5 {[%emt 0:00:03]} 2. c4 {[%emt 0:00:02]} Nc6 {[%emt 0:00:01]} 3. g3 {[%emt 0:00:01]} g6 {[%emt 0:00:03]} 4. Bg2 {[%emt 0:00:02]} Bg7 {[%emt 0:00:01]} 5. Nc3 {[%emt 0:00:01]} e6 {[%emt 0:00:05]} 6. d4 {[%emt 0:00:17]} cxd4 {[%emt 0:00:03]} 7. Nb5 {[%emt 0:00:01]} d5 {[%emt 0:00:03]} 8. cxd5 {[%emt 0:00:04]} Qa5+ {[%emt 0:00:04]} 9. Nd2 {[%emt 0:00:06]} exd5 {[%emt 0:00:31]} 10. Nd6+ {[%emt 0:00:06]} Kf8 {[%emt 0:00:02]} 11. Nxc8 {[%emt 0:00:05]} Rxc8 {[%emt 0:00:01]} 12. O-O {[%emt 0:00:00]} Nf6 {[%emt 0:00:08]} 13. Nb3 {[%emt 0:00:20]} Qb6 {[%emt 0:00:02]} 14. Bf4 {[%emt 0:00:01]} Ne4 {[%emt 0:00:11]} 15. Rc1 {[%emt 0:00:16]} h5 {[%emt 0:00:09]} 16. Qd3 {[%emt 0:00:31]} Re8 {[%emt 0:00:07]} 17. Rfd1 {[%emt 0:00:23]} h4 {[%emt 0:00:12]} 18. f3 {[%emt 0:00:15]} Nb4 {[%emt 0:00:07]} 19. Qb1 {[%emt 0:00:07]} d3+ {[%emt 0:00:03]} 20. e3 {[%emt 0:00:07]} g5 {[%emt 0:00:01]} 21. fxe4 {[%emt 0:00:15]} gxf4 {[%emt 0:00:02]} 22. Nc5 {[%emt 0:00:01]} Kg8 {[%emt 0:00:09]} 23. exf4 {[%emt 0:00:10]} Bd4+ {[%emt 0:00:06]} 24. Kf1 {[%emt 0:00:03]} Bxc5 {[%emt 0:00:03]} 25. a3 {[%emt 0:00:07]} Nc2 {[%emt 0:00:02]} 26. Rxd3 {[%emt 0:00:04]} Ne3+ {[%emt 0:00:02]} 27. Rxe3 {[%emt 0:00:06]} Bxe3 {[%emt 0:00:02] Time (Lag: Av=0.69s, max=2.4s)} 0-1

[Event "Silkway Cup"]
[Site "T#646345FIDE"]
[Date "2020.05.26"]
[Round "1"]
[White "Moonlightbae"]
[Black "GadimbayliA"]
[Result "0-1"]
[WhiteElo "1745"]
[BlackElo "2472"]
[PlyCount "74"]
[EventDate "2020.05.26"]
[EventType "swiss (blitz)"]

1. d4 {[%emt 0:00:02]} d5 {[%emt 0:00:01]} 2. c4 {[%emt 0:00:01]} e5 {[%emt 0:00:01]} 3. dxe5 {[%emt 0:00:05]} d4 {[%emt 0:00:00]} 4. Nf3 {[%emt 0:00:03]} Nc6 {[%emt 0:00:01]} 5. g3 {[%emt 0:00:05]} Nge7 {[%emt 0:00:01]} 6. Bg2 {[%emt 0:00:01]} Ng6 {[%emt 0:00:00]} 7. Bg5 {[%emt 0:00:23]} Qd7 {[%emt 0:00:01]} 8. h4 {[%emt 0:00:12]} Ngxe5 {[%emt 0:00:11]} 9. Nxe5 {[%emt 0:00:05]} Nxe5 {[%emt 0:00:00]} 10. Bd5 {[%emt 0:00:23]} c6 {[%emt 0:00:54]} 11. Bg2 {[%emt 0:00:59]} h6 {[%emt 0:00:55]} 12. Bh3 {[%emt 0:00:19]} Bb4+ {[%emt 0:00:42]} 13. Bd2 {[%emt 0:00:08]} Qe7 {[%emt 0:00:14]} 14. Bxc8 {[%emt 0:00:07]} Rxc8 {[%emt 0:00:04]} 15. O-O {[%emt 0:00:07]} Bxd2 {[%emt 0:00:01]} 16. Nxd2 {[%emt 0:00:02]} O-O {[%emt 0:00:01]} 17. Rc1 {[%emt 0:00:03]} Rcd8 {[%emt 0:00:02]} 18. Qa4 {[%emt 0:00:09]} b6 {[%emt 0:00:04]} 19. Nf3 {[%emt 0:00:07]} d3 {[%emt 0:00:14]} 20. Nxe5 {[%emt 0:00:06]} dxe2 {[%emt 0:00:02]} 21. Rfe1 {[%emt 0:00:06]} Qxe5 {[%emt 0:00:01]} 22. Qxc6 {[%emt 0:00:02]} Qxb2 {[%emt 0:00:03]} 23. Qf3 {[%emt 0:00:04]} Rfe8 {[%emt 0:00:01]} 24. Ra1 {[%emt 0:00:03]} a5 {[%emt 0:00:02]} 25. a4 {[%emt 0:00:01]} Qd2 {[%emt 0:00:02]} 26. Rab1 {[%emt 0:00:02]} Rd3 {[%emt 0:00:03]} 27. Qg4 {[%emt 0:00:02]} Rdd8 {[%emt 0:00:03]} 28. Qf3 {[%emt 0:00:01]} Qc2 {[%emt 0:00:01]} 29. Rbc1 {[%emt 0:00:01]} Qb2 {[%emt 0:00:02]} 30. c5 {[%emt 0:00:02]} bxc5 {[%emt 0:00:01]} 31. Rxc5 {[%emt 0:00:01]} Qb4 {[%emt 0:00:02]} 32. Rcc1 {[%emt 0:00:02]} Qxa4 {[%emt 0:00:04]} 33. Ra1 {[%emt 0:00:01]} Qb4 {[%emt 0:00:01]} 34. Reb1 {[%emt 0:00:01]} e1=Q+ {[%emt 0:00:02]} 35. Rxe1 {[%emt 0:00:02]} Rxe1+ {[%emt 0:00:00]} 36. Rxe1 {[%emt 0:00:01]} Qxe1+ {[%emt 0:00:00]} 37. Kg2 {[%emt 0:00:01]} Qd2 {[%emt 0:00:00] Moonlightbae resigns (Lag: Av=0.45s, max=0.8s)} 0-1

[Event "Silkway Cup"]
[Site "T#646345FIDE"]
[Date "2020.05.26"]
[Round "1"]
[White "gb_23"]
[Black "Sadikhov_Ulvi"]
[Result "0-1"]
[WhiteElo "1718"]
[BlackElo "2297"]
[Annotator "NA"]
[PlyCount "124"]
[EventDate "2020.05.26"]
[EventType "swiss (blitz)"]

1. c4 {[%emt 0:00:02]} g6 {[%emt 0:00:03]} 2. Nf3 {[%emt 0:00:02]} Bg7 {[%emt 0:00:01]} 3. d4 {[%emt 0:00:03]} d6 {[%emt 0:00:02]} 4. Nc3 {[%emt 0:00:06]} Nf6 {[%emt 0:00:01]} 5. g3 {[%emt 0:00:02]} O-O {[%emt 0:00:02]} 6. Bg2 {[%emt 0:00:01]} c6 {[%emt 0:00:01]} 7. O-O {[%emt 0:00:02]} Bf5 {[%emt 0:00:01]} 8. Nh4 {[%emt 0:00:29]} Be6 {[%emt 0:00:02]} 9. d5 {[%emt 0:00:16]} cxd5 {[%emt 0:00:02]} 10. cxd5 {[%emt 0:00:01]} Bd7 {[%emt 0:00:02]} 11. Nf3 {[%emt 0:00:01]} Na6 {[%emt 0:00:11]} 12. Nd4 {[%emt 0:00:02]} Qa5 {[%emt 0:00:31]} 13. Bd2 {[%emt 0:00:07]} Rfc8 {[%emt 0:00:28]} 14. a3 {[%emt 0:00:09]} Qb6 {[%emt 0:00:14]} 15. Nb3 {[%emt 0:00:20]} Nc5 {[%emt 0:00:06]} 16. Nxc5 {[%emt 0:00:05]} Qxc5 {[%emt 0:00:01]} 17. Qb3 {[%emt 0:00:12]} Qa5 {[%emt 0:00:20]} 18. Rfd1 {[%emt 0:00:13]} Qa6 {[%emt 0:00:15]} 19. Bf1 {[%emt 0:00:17]} b6 {[%emt 0:00:23]} 20. e4 {[%emt 0:00:11]} Qb7 {[%emt 0:00:01]} 21. f3 {[%emt 0:00:03]} e6 {[%emt 0:00:16]} 22. Rac1 {[%emt 0:00:13]} exd5 {[%emt 0:00:03]} 23. exd5 {[%emt 0:00:00]} a6 {[%emt 0:00:04]} 24. Bf4 {[%emt 0:00:02]} b5 {[%emt 0:00:04]} 25. Kh1 {[%emt 0:00:12]} Bf8 {[%emt 0:00:08]} 26. Bg5 {[%emt 0:00:11]} Nh5 {[%emt 0:00:02]} 27. Ne4 {[%emt 0:00:04]} h6 {[%emt 0:00:06]} 28. Be3 {[%emt 0:00:03]} f5 {[%emt 0:00:07]} 29. Nf2 {[%emt 0:00:08]} Re8 {[%emt 0:00:02]} 30. Bd4 {[%emt 0:00:02]} Rac8 {[%emt 0:00:02]} 31. Qd3 {[%emt 0:00:14]} Bg7 {[%emt 0:00:03]} 32. Bxg7 {[%emt 0:00:02]} Kxg7 {[%emt 0:00:00]} 33. Qd4+ {[%emt 0:00:01]} Kf7 {[%emt 0:00:01]} 34. Nd3 {[%emt 0:00:01]} Nf6 {[%emt 0:00:05]} 35. Nf4 {[%emt 0:00:01]} Rxc1 {[%emt 0:00:02]} 36. Rxc1 {[%emt 0:00:01]} g5 {[%emt 0:00:00]} 37. Ne6 {[%emt 0:00:02]} Bxe6 {[%emt 0:00:04]} 38. dxe6+ {[%emt 0:00:00]} Rxe6 {[%emt 0:00:01]} 39. Bg2 {[%emt 0:00:01]} Qe7 {[%emt 0:00:04]} 40. h3 {[%emt 0:00:02]} Re1+ {[%emt 0:00:03]} 41. Rxe1 {[%emt 0:00:01]} Qxe1+ {[%emt 0:00:00]} 42. Kh2 {[%emt 0:00:00]} Qe5 {[%emt 0:00:03]} 43. Qa7+ {[%emt 0:00:01]} Kg6 {[%emt 0:00:02]} 44. Qxa6 {[%emt 0:00:00]} Nh5 {[%emt 0:00:01]} 45. Qc8 {[%emt 0:00:08]} Qxg3+ {[%emt 0:00:01]} 46. Kh1 {[%emt 0:00:01]} Qe1+ {[%emt 0:00:01]} 47. Kh2 {[%emt 0:00:01]} Qe5+ {[%emt 0:00:01]} 48. Kg1 {[%emt 0:00:01]} Nf6 {[%emt 0:00:01]} 49. Qd8 {[%emt 0:00:12]} Qd4+ {[%emt 0:00:03]} 50. Kh2 {[%emt 0:00:01]} Qe5+ {[%emt 0:00:01]} 51. Kg1 {[%emt 0:00:01]} d5 {[%emt 0:00:02]} 52. Bf1 {[%emt 0:00:03]} d4 {[%emt 0:00:02]} 53. Kg2 {[%emt 0:00:07]} Qe3 {[%emt 0:00:05]} 54. Qd6 {[%emt 0:00:02]} Kg7 {[%emt 0:00:06]} 55. Qc7+ {[%emt 0:00:01]} Kg6 {[%emt 0:00:02]} 56. Qd6 {[%emt 0:00:00]} Qd2+ {[%emt 0:00:01]} 57. Kg1 {[%emt 0:00:01]} Qxb2 {[%emt 0:00:01]} 58. Qe7 {[%emt 0:00:02]} d3 {[%emt 0:00:03]} 59. Bxd3 {[%emt 0:00:01]} Qd4+ {[%emt 0:00:01]} 60. Kg2 {[%emt 0:00:02]} Qxd3 {[%emt 0:00:00]} 61. Qc5 {[%emt 0:00:01]} Qe2+ {[%emt 0:00:02]} 62. Kg1 {[%emt 0:00:01]} Qxf3 {[%emt 0:00:01] gb_23 resigns (Lag: Av=1.56s, max=9.3s)} 0-1

[Event "Silkway Cup"]
[Site "T#646345FIDE"]
[Date "2020.05.26"]
[Round "1"]
[White "Sandrika"]
[Black "NikaVolkov"]
[Result "1/2-1/2"]
[WhiteElo "1705"]
[BlackElo "1620"]
[Annotator "NA"]
[PlyCount "172"]
[EventDate "2020.05.26"]
[EventType "swiss (blitz)"]

1. d4 {[%emt 0:00:01]} e6 {[%emt 0:00:01]} 2. c4 {[%emt 0:00:12]} d5 {[%emt 0:00:01]} 3. Nc3 {[%emt 0:00:03]} Nf6 {[%emt 0:00:01]} 4. cxd5 {[%emt 0:00:02]} exd5 {[%emt 0:00:01]} 5. Bg5 {[%emt 0:00:00]} Be7 {[%emt 0:00:01]} 6. e3 {[%emt 0:00:01]} O-O {[%emt 0:00:01]} 7. Bd3 {[%emt 0:00:02]} Be6 {[%emt 0:00:01]} 8. Qc2 {[%emt 0:00:02]} Nbd7 {[%emt 0:00:02]} 9. Nf3 {[%emt 0:00:01]} c5 {[%emt 0:00:01]} 10. dxc5 {[%emt 0:00:04]} Nxc5 {[%emt 0:00:01]} 11. O-O {[%emt 0:00:11]} Nxd3 {[%emt 0:00:04]} 12. Qxd3 {[%emt 0:00:01]} Qa5 {[%emt 0:00:01]} 13. Nd4 {[%emt 0:00:05]} Rac8 {[%emt 0:00:06]} 14. Rfd1 {[%emt 0:00:21]} a6 {[%emt 0:00:16]} 15. Nf5 {[%emt 0:00:02]} Bd8 {[%emt 0:00:51]} 16. Bh4 {[%emt 0:00:15]} Qb6 {[%emt 0:01:22]} 17. Rab1 {[%emt 0:00:17]} Qa5 {[%emt 0:00:21]} 18. Bg3 {[%emt 0:00:46]} Bc7 {[%emt 0:00:11]} 19. Nd6 {[%emt 0:00:33]} Bxd6 {[%emt 0:00:06]} 20. Bxd6 {[%emt 0:00:01]} Rfe8 {[%emt 0:00:00]} 21. Be5 {[%emt 0:00:02]} Ne4 {[%emt 0:00:05]} 22. Bd4 {[%emt 0:00:02]} Bf5 {[%emt 0:00:03]} 23. f3 {[%emt 0:00:13]} Nxc3 {[%emt 0:00:02]} 24. Qxf5 {[%emt 0:00:01]} Nxb1 {[%emt 0:00:01]} 25. Qg5 {[%emt 0:00:02]} f6 {[%emt 0:00:01]} 26. Bxf6 {[%emt 0:00:02]} Rc7 {[%emt 0:00:04]} 27. Rxb1 {[%emt 0:00:03]} Qd2 {[%emt 0:00:01]} 28. Bd4 {[%emt 0:00:02]} Rc2 {[%emt 0:00:03]} 29. Rf1 {[%emt 0:00:02]} Rc7 {[%emt 0:00:03]} 30. Qxd5+ {[%emt 0:00:01]} Kh8 {[%emt 0:00:02]} 31. Qg5 {[%emt 0:00:01]} Qc2 {[%emt 0:00:03]} 32. h4 {[%emt 0:00:02]} Kg8 {[%emt 0:00:04]} 33. h5 {[%emt 0:00:02]} h6 {[%emt 0:00:01]} 34. Qd5+ {[%emt 0:00:02]} Rf7 {[%emt 0:00:01]} 35. Rf2 {[%emt 0:00:02]} Qf5 {[%emt 0:00:01]} 36. Qxf5 {[%emt 0:00:02]} Rxf5 {[%emt 0:00:00]} 37. g4 {[%emt 0:00:01]} Rf7 {[%emt 0:00:01]} 38. Kg2 {[%emt 0:00:01]} Rc8 {[%emt 0:00:00]} 39. Bc3 {[%emt 0:00:01]} Rd7 {[%emt 0:00:01]} 40. e4 {[%emt 0:00:04]} b5 {[%emt 0:00:01]} 41. a3 {[%emt 0:00:02]} Rc4 {[%emt 0:00:01]} 42. Re2 {[%emt 0:00:02]} Kf7 {[%emt 0:00:01]} 43. Kf2 {[%emt 0:00:01]} Rc8 {[%emt 0:00:05]} 44. Ke3 {[%emt 0:00:01]} Rcd8 {[%emt 0:00:00]} 45. Kf2 {[%emt 0:00:04]} Rd1 {[%emt 0:00:02]} 46. f4 {[%emt 0:00:01]} Rh1 {[%emt 0:00:02]} 47. e5 {[%emt 0:00:02]} Rh2+ {[%emt 0:00:01]} 48. Ke3 {[%emt 0:00:01]} Rxe2+ {[%emt 0:00:00]} 49. Kxe2 {[%emt 0:00:01]} g6 {[%emt 0:00:07]} 50. hxg6+ {[%emt 0:00:04]} Kxg6 {[%emt 0:00:00]} 51. Ke3 {[%emt 0:00:02]} h5 {[%emt 0:00:03]} 52. gxh5+ {[%emt 0:00:01]} Kf5 {[%emt 0:00:01]} 53. h6 {[%emt 0:00:03]} Rh8 {[%emt 0:00:01]} 54. Kd4 {[%emt 0:00:02]} Rxh6 {[%emt 0:00:01]} 55. Kc5 {[%emt 0:00:02]} Re6 {[%emt 0:00:01]} 56. Bd2 {[%emt 0:00:04]} Ke4 {[%emt 0:00:02]} 57. Kb4 {[%emt 0:00:01]} Rc6 {[%emt 0:00:03]} 58. Ka5 {[%emt 0:00:02]} Kf5 {[%emt 0:00:01]} 59. b4 {[%emt 0:00:04]} Ke4 {[%emt 0:00:03]} 60. a4 {[%emt 0:00:02]} bxa4 {[%emt 0:00:02]} 61. Kxa4 {[%emt 0:00:01]} Rc2 {[%emt 0:00:02]} 62. Be1 {[%emt 0:00:01]} Kxf4 {[%emt 0:00:02]} 63. e6 {[%emt 0:00:02]} Re2 {[%emt 0:00:03]} 64. Bc3 {[%emt 0:00:02]} Rxe6 {[%emt 0:00:01]} 65. b5 {[%emt 0:00:02]} axb5+ {[%emt 0:00:01]} 66. Kxb5 {[%emt 0:00:01]} Ke4 {[%emt 0:00:00]} 67. Kc5 {[%emt 0:00:02]} Re8 {[%emt 0:00:01]} 68. Kd6 {[%emt 0:00:03]} Rd8+ {[%emt 0:00:01]} 69. Ke7 {[%emt 0:00:02]} Rc8 {[%emt 0:00:00]} 70. Bb4 {[%emt 0:00:04]} Ke5 {[%emt 0:00:02]} 71. Kd7 {[%emt 0:00:02]} Rc4 {[%emt 0:00:01]} 72. Bd6+ {[%emt 0:00:02]} Kd5 {[%emt 0:00:00]} 73. Bc7 {[%emt 0:00:02]} Rg4 {[%emt 0:00:01]} 74. Bh2 {[%emt 0:00:05]} Rh4 {[%emt 0:00:01]} 75. Bg3 {[%emt 0:00:02]} Rh7+ {[%emt 0:00:01]} 76. Kc8 {[%emt 0:00:02]} Kc6 {[%emt 0:00:01]} 77. Kb8 {[%emt 0:00:02]} Rf7 {[%emt 0:00:13]} 78. Bh2 {[%emt 0:00:11]} Rf2 {[%emt 0:00:02]} 79. Be5 {[%emt 0:00:08]} Re2 {[%emt 0:00:01]} 80. Bg3 {[%emt 0:00:03]} Rb2+ {[%emt 0:00:07]} 81. Ka8 {[%emt 0:00:02]} Rb3 {[%emt 0:00:03]} 82. Bf4 {[%emt 0:00:04]} Rf3 {[%emt 0:00:04]} 83. Bb8 {[%emt 0:00:02]} Kb6 {[%emt 0:00:01]} 84. Ba7+ {[%emt 0:00:01]} Kc7 {[%emt 0:00:01]} 85. Bb8+ {[%emt 0:00:01]} Kc8 {[%emt 0:00:00]} 86. Ba7 {[%emt 0:00:01]} Ra3 {[%emt 0:00:01] (Lag: Av=0.75s, max=1.5s)} 1/2-1/2

[Event "Silkway Cup"]
[Site "T#646345FIDE"]
[Date "2020.05.26"]
[Round "1"]
[White "AbdullaKh"]
[Black "Nanadzagnidze"]
[Result "0-1"]
[WhiteElo "1620"]
[BlackElo "1620"]
[Annotator "NA"]
[PlyCount "64"]
[EventDate "2020.05.26"]
[EventType "swiss (blitz)"]

1. e4 {[%emt 0:00:03]} c5 {[%emt 0:00:02]} 2. c3 {[%emt 0:00:03]} Nf6 {[%emt 0:00:03]} 3. e5 {[%emt 0:00:01]} Nd5 {[%emt 0:00:01]} 4. Nf3 {[%emt 0:00:00]} Nc6 {[%emt 0:00:05]} 5. Bc4 {[%emt 0:00:01]} Nb6 {[%emt 0:00:04]} 6. Bb3 {[%emt 0:00:01]} d5 {[%emt 0:00:02]} 7. exd6 {[%emt 0:00:02]} Qxd6 {[%emt 0:00:01]} 8. O-O {[%emt 0:00:03]} Be6 {[%emt 0:00:03]} 9. d4 {[%emt 0:00:16]} Bxb3 {[%emt 0:00:17]} 10. Qxb3 {[%emt 0:00:25]} cxd4 {[%emt 0:00:03]} 11. cxd4 {[%emt 0:00:00]} g6 {[%emt 0:00:38]} 12. d5 {[%emt 0:00:13]} Qxd5 {[%emt 0:00:16]} 13. Qc3 {[%emt 0:00:03]} e5 {[%emt 0:00:07]} 14. Re1 {[%emt 0:00:36]} Bg7 {[%emt 0:00:02]} 15. Nxe5 {[%emt 0:00:24]} Nxe5 {[%emt 0:00:18]} 16. f4 {[%emt 0:00:00]} Rc8 {[%emt 0:00:07]} 17. Qe3 {[%emt 0:00:38]} Nbc4 {[%emt 0:00:33]} 18. Qh3 {[%emt 0:00:07]} O-O {[%emt 0:00:16]} 19. fxe5 {[%emt 0:00:00]} Bxe5 {[%emt 0:00:03]} 20. Nc3 {[%emt 0:00:00]} Qc5+ {[%emt 0:00:01]} 21. Kh1 {[%emt 0:00:01]} Rfe8 {[%emt 0:00:02]} 22. Ne4 {[%emt 0:00:02]} Qc6 {[%emt 0:00:08]} 23. Bh6 {[%emt 0:00:06]} Bxb2 {[%emt 0:00:07]} 24. Rad1 {[%emt 0:00:03]} Rcd8 {[%emt 0:00:13]} 25. Rxd8 {[%emt 0:00:03]} Rxd8 {[%emt 0:00:00]} 26. Ng5 {[%emt 0:00:15]} Bf6 {[%emt 0:00:02]} 27. Nxh7 {[%emt 0:00:13]} Kxh7 {[%emt 0:00:07]} 28. Bf8+ {[%emt 0:00:05]} Kg8 {[%emt 0:00:02]} 29. Bb4 {[%emt 0:00:02]} Re8 {[%emt 0:00:02]} 30. Rf1 {[%emt 0:00:01]} Ne3 {[%emt 0:00:02]} 31. Re1 {[%emt 0:00:09]} Nc2 {[%emt 0:00:01]} 32. Rc1 {[%emt 0:00:02]} Nxb4 {[%emt 0:00:02] AbdullaKh resigns (Lag: Av=1.00s, max=1.8s)} 0-1